Discursos leídos ante la Real Academia Española, (Record no. 171961)

MARC details
000 -LEADER
campo de control de longitud fija 01370nam a2200181 i 4500
001 - NÚMERO DE CONTROL
campo de control 171961
003 - IDENTIFICADOR DE NÚMERO DE CONTROL
campo de control ES-MaACL
005 - FECHA Y HORA DE LA ÚLTIMA TRANSACCIÓN
campo de control 20230929062538.0
008 - DATOS DE LONGITUD FIJA--INFORMACIÓN GENERAL
campo de control de longitud fija 090609s1879 sp |||| | spa d
080 ## - NÚMERO DE LA CLASIFICACIÓN DECIMAL UNIVERSAL
Número de la Clasificación Decimal Universal 821.134.2
110 2# - ENTRADA PRINCIPAL--NOMBRE DE ENTIDAD CORPORATIVA
Nombre de entidad corporativa o nombre de jurisdicción como elemento de entrada Real Academia Española
9 (RLIN) 6336
245 10 - MENCIÓN DEL TÍTULO
Título Discursos leídos ante la Real Academia Española,
Fechas extremas/inclusivas 1879 /
Mención de responsabilidad, etc. Real Academia Española.
260 ## - PUBLICACIÓN, DISTRIBUCIÓN, ETC.
Lugar de publicación, distribución, etc. Madrid :
Nombre del editor, distribuidor, etc. [s.n.],
Fecha de publicación, distribución, etc. 1879 (
Fabricante Imp. M. Tello)
300 ## - DESCRIPCIÓN FÍSICA
Extensión 1 v. ;
Dimensiones 25 cm.
505 8# - NOTA DE CONTENIDO CON FORMATO
Nota de contenido con formato Contiene: Oración fúnebre en las honras de Miguel de Cervantes / Narciso Martínez Izquierdo (47 p.). La concordanci lógica del pensamiento con su expresión / Tomás de Corral y Oña (71 p.). Contestación / Tomás Rodríguez Rubí (p. 75-94). Elogio de Andrés Bello / Manuel Cañete (43 p.). La moral en los dramas de Calderón / Mariano Catalina (60 p.). Contestación / Aureliano Fernández-Guerra y Orbe (p. 62-80). Poesía mística en España / Marcelino Menéndez y Pelayo (64 p.). Contestación / Juan Valera (p. 65-116). El laconismo en el lenguaje / Pedro de Madrazo (42 p.). Contestación / Marqués de Molins (p. 45-69). Resumen de las actas de la Real Academia Española, año 1881 / Manuel Tamayo y Baus. (31 p.). Apéndice: libros y objetos de arte adquiridos desde julio de 1876 a noviembre de 1881.
852 ## - LOCALIZACIÓN
Ubicación ES-MaACL
Número de control de estantería K-144
Nota libre - Enc. pasta española
Holdings
Estatus retirado Estado de pérdida Estado de daño No para préstamo Colección Biblioteca de origen Biblioteca actual Ubicación en estantería Fecha de adquisición Total de préstamos Signatura topográfica completa Código de barras Visto por última vez Precio de reemplazo Tipo de ítem Koha
        Libros del s. XIX Biblioteca del Ateneo de Madrid Biblioteca del Ateneo de Madrid Administración 09/06/2009   K-144 1180467 23/02/2023 23/02/2023 Libro impreso antiguo